Problemas actuales de la asistencia social (Record no. 72787)

MARC details
000 -LEADER
campo de control de longitud fija 00759nam a2200205 i 4500
001 - NÚMERO DE CONTROL
campo de control 72787
003 - IDENTIFICADOR DE NÚMERO DE CONTROL
campo de control ES-MaACL
005 - FECHA Y HORA DE LA ÚLTIMA TRANSACCIÓN
campo de control 20230906171545.0
007 - CAMPO FIJO DE DESCRIPCIÓN FÍSICA--INFORMACIÓN GENERAL
campo de control de longitud fija t|
008 - DATOS DE LONGITUD FIJA--INFORMACIÓN GENERAL
campo de control de longitud fija 040903s1936 sp ||||1| spa d
100 1# - ENTRADA PRINCIPAL--NOMBRE DE PERSONA
Nombre de persona Goetze, Sofie.
9 (RLIN) 57581
245 10 - MENCIÓN DEL TÍTULO
Título Problemas actuales de la asistencia social
Resto del título : sus fundamentos, la socialterapia, la psicoterapia /
Mención de responsabilidad, etc. Sofie Goetze, Siddy Wronsky, Arthur Kronfeld ; traducción directa del alemán por Hertha Grimm ly Consuelo Berges.
260 ## - PUBLICACIÓN, DISTRIBUCIÓN, ETC.
Lugar de publicación, distribución, etc. Madrid :
Nombre del editor, distribuidor, etc. [s.n.,
Fecha de publicación, distribución, etc. 1936] (
Fabricante Imp. Torrens)
300 ## - DESCRIPCIÓN FÍSICA
Extensión 238 p. ;
Dimensiones 22 cm.
700 1# - ENTRADA AGREGADA--NOMBRE PERSONAL
Nombre de persona Wronsky, Siddy.
9 (RLIN) 117431
700 1# - ENTRADA AGREGADA--NOMBRE PERSONAL
Nombre de persona Kronfeld, Arthur.
9 (RLIN) 68891
700 1# - ENTRADA AGREGADA--NOMBRE PERSONAL
Nombre de persona Grimm, Hertha.
9 (RLIN) 60059
700 1# - ENTRADA AGREGADA--NOMBRE PERSONAL
Nombre de persona Berges, Consuelo.
9 (RLIN) 27982
852 ## - LOCALIZACIÓN
Ubicación ES-MaACL
Número de control de estantería A-4787
Sublocalización o colección R.18339
Holdings
Estatus retirado Estado de pérdida Estado de daño No para préstamo Biblioteca de origen Biblioteca actual Ubicación en estantería Fecha de adquisición Fuente de adquisición Total de préstamos Signatura topográfica completa Código de barras Visto por última vez Precio de reemplazo Tipo de ítem Koha
        Biblioteca del Ateneo de Madrid Biblioteca del Ateneo de Madrid Sala Pecera Planta 1 17/01/2008     A-4787 1076195 23/02/2023 23/02/2023 Libro impreso